Statistiques concernant Candidats démocrates aux élections présidentielles USA

Cliquez ici pour prendre le quiz!

Statistiques générales

  • Ce quiz a été pris 291 fois
  • Le résultat moyen est 12 sur 20

Statistiques - réponses

AnnéeCandidatRésultat% Correct
2012Barack ObamaElu
100%
2008Barack ObamaElu
100%
2020Joe Biden???
96%
2016Hillary ClintonVaincu
95%
1992Bill ClintonElu
94%
1996Bill ClintonElu
94%
1960John KennedyElu
83%
1944Franklin RooseveltElu
73%
1976Jimmy CarterElu
70%
1980Jimmy CarterVaincu
70%
2000Al GoreVaincu
68%
1948Harry TrumanElu
66%
1964Lyndon JohnsonElu
66%
2004John KerryVaincu
44%
1984Walter MondaleVaincu
24%
1988Michael DukakisVaincu
21%
1968Hubert HumphreyVaincu
17%
1956Adlai StevensonVaincu
12%
1952Adlai StevensonVaincu
12%
1972George McGovernVaincu
10%

Distribution des résultats

Percentile par nombre de réponses

% des personnes avec chaque résultat

Votre développement - résultats

Vous n’avez pas pris ce quiz